Modelado a escala reducida de viviendas sobre arcillas expansivas

Uloženo v:
Podrobná bibliografie
Hlavní autor: Chévez Mora, Manuel
Médium: Kniha
Jazyk:Spanish
Vydáno: [San José], Costa Rica 2013
Témata:
Tagy: Přidat tag
Žádné tagy, Buďte první, kdo vytvoří štítek k tomuto záznamu!

MARC

LEADER 00000nam a22000007a 4500
003 011870
005 20221231143903.0
008 150318b2013 cr a|||| |||| 00| 0 spa d
040 |c cru CEDI  
090 |a TFG 7038 
100 |9 556  |a Chévez Mora, Manuel  
245 |a Modelado a escala reducida de viviendas sobre arcillas expansivas  
260 |a [San José], Costa Rica  |c  2013 
500 |a Proyecto de graduación (licenciatura en ingeniería civil)--Universidad de Costa Rica. Facultad de Ingeniería. Escuela de Ingeniería Civil 
650 |x MONTMORILLONITA  |x  CIMENTACIONES   |x  ANALISIS ESTRUCTURAL (INGENIERIA)   |x  ESTABILIZACION DE SUELOS  |9 557 
942 |c TFG 
999 |c 13746  |d 13746